Statistics for Words that End in "-bble"

Click here to take the quiz!

General Stats

  • This quiz has been taken 168 times
  • The average score is 11 of 22

Answer Stats

Answer% Correct
Bubble
93%
Babble
76%
Gobble
74%
Dabble
73%
Rubble
72%
Bobble
68%
Cobble
68%
Hobble
68%
Wobble
68%
Pebble
66%
Nibble
57%
Rabble
57%
Stubble
56%
Dribble
55%
Gabble
43%
Scrabble
42%
Quibble
35%
Kibble
25%
Scribble
23%
Squabble
20%
Hardscrabble
7%
Psychobabble
3%

Score Distribution

Percentile by Number Answered

Percent of People with Each Score

Your Score History

You have not taken this quiz